000 00698nam a2200217 i 4500
001 150661
003 ES-MaACL
005 20230906203625.0
007 t|
008 041122q19401949fr ||||1| fre d
100 1 _aDunoyer de Segonzac, P.
_946068
245 1 0 _aReflexions pour les jeunes chefs /
_cpar le chef Dunoyer de Segonzac.
250 _a2e éd.
260 _aUriage :
_bEcole Nationale des Cadres,
_c[194-?] (
_eGrenoble :
_fM. Paillet)
300 _a31 p. ;
_c19 cm.
490 1 _aLe Chef et ses jeunes ;
_v5
710 2 _aEcole Nationale des Cadres.
_93415
830 0 _aLe Chef et ses jeunes ;
_v5
_9187608
852 _aES-MaACL
_j1912-F-5
_bR.20244
999 _c150661
_d150661